Postaw na milion 222 - Statystyki

Ogólne statystyki
  • Ten quiz został rozwiązany 11 razy
  • Średni wynik to 7 z 13
Statystyki odpowiedzi
Zagadnienie Odpowiedź % Poprawnych
Piracki galeon kapitana Jacka Sparrowa, granego przez Johnny'ego Deepa, bohatera serii "Piraci z Karaibów", nazywa się: Czarna Perła
100%
W znanym przeboju Bajmu Beata Kozidrak śpiewa "Nosisz spodnie, więc..." walcz
91%
W której z tych dyscyplin czas gry nie jest limitowany? w piłce siatkowej
91%
Petersburg jest stolicą obwodu, jednostki administracyjnej Rosji. Ten obwód nie nazywa się petersburski lecz .. leningradzki
73%
Który rodzaj brytyjskich sił zbrojnych nie może poszczycić się przymiotnikiem "królewski"? wojska lądowe
55%
Tytułowy bohater filmu "Forrest Gump" zaczął biec i długo nie przestawał. Jak długo? 3 lata, 2 miesiące, 14 dni i 16 godzin
45%
W którym roku Stany Zjednoczone kupiły Alaskę od Rosji? 1867
36%
"Zaraz przyjdą aktorzy i wszystko nam zepsują". Kto, rozglądając się po planie filmowym, powiedział te słowa? Andrzej Wajda
36%
Który owoc nie jest dla botanika jagodą? malina
36%
Zwycięzcy legendarnego wyścigu samochodowego Indianapolis 500 na podium wznoszą toast nie szampanem, a... mlekiem
36%
Z którym krajem Rosja ma najkrótszą granicę? z Koreą Północną
36%
Która z tych dziedzin nie jest związana z medycyną? weksylologia
27%
Mistyfikacja muzyczna, polegająca na tym, że odtwarzane z playbacku głosy wcale nie należały do członków zespołu, dotyczyła Milli Vanilli
18%
Nie znaleziono quizów pasujących do podanych kryteriów
Rozkład punktacji
Procent ludzi z każdym wynikiem
Percentyl według liczby udzielonych odpowiedzi
Twoja historia wyników
Nie rozwiązałeś tego quizu